000 00936cad a22001935a 4500
001 E149272
008 100215e20091207xxk v 000 0 eng d
035 _a(Sirsi) u149272
041 0 _aeng
245 0 0 _aMark Thomas Hollinshead and Jill Marie Hollinshead v Jeremy Graham Gilchrist
_bnote
_h[electronic resource]
260 _c2009
520 _aLTS/TC/2008/31 7 December 2009. Concerned an application under the Title Conditions (Scotland) Act 2003 S90(1)(a) to discharge certain title conditions relating to parking and internal alterations to the property. "Held": application allowed.
650 2 4 _aHOLLINSHEAD V GILCHRIST
650 2 4 _aTITLE CONDITIONS (SCOTLAND) ACT 2003
651 4 _aScotland
_y1999-
690 _aPlanning and development
_96259
856 4 0 _uhttps://www.lands-tribunal-scotland.org.uk/decisions/LTS.TC.2008.31.html
_zView the decision free of charge at www.lands-tribunal-scotland.org.uk...
942 _n0
999 _c82105
_d82105